| 000 | 00844nam a2200229Ia 4500 | ||
|---|---|---|---|
| 001 | 16897 | ||
| 003 | GE_BSU | ||
| 008 | 181216s||||||||xx |||||||||||||| ||und|| | ||
| 040 | _cGE_BSU | ||
| 080 | _a821.161.1-31 | ||
| 100 | _aტოლსტოი, ა. | ||
| 245 | _aგზანი წამებისანი. წ. 1-2 : დები-თვრამეტი წელი | ||
| 245 | _bტრილოგია | ||
| 245 | _cთარგმნა ა. ბრეგაძემ ; თ. ბუაჩიძის წინასიტყვ | ||
| 260 | _aთბილისი | ||
| 260 | _bსაბჭ. საქართველო | ||
| 260 | _c1968 | ||
| 300 | _a699 გვ. 21 სმ. | ||
| 653 | _aგზანი წამებისანი | ||
| 653 | _aდები-თვრამეტი წელი | ||
| 942 | _cBK | ||
| 999 |
_c49961 _d49961 |
||